Léxico para la responsabilidad social empresarial / (Registro nro. 15384)
[ vista simple ]
| 000 -LEADER | |
|---|---|
| fixed length control field | 02632nam a22002537a 4500 |
| 003 - CONTROL NUMBER IDENTIFIER | |
| control field | OSt |
| 005 - DATE AND TIME OF LATEST TRANSACTION | |
| control field | 20210315154912.0 |
| 008 - FIXED-LENGTH DATA ELEMENTS--GENERAL INFORMATION | |
| fixed length control field | 210315s2014 ck a|||gr|||| 00| 0 spa d |
| 020 ## - INTERNATIONAL STANDARD BOOK NUMBER | |
| International Standard Book Number | 9789585832800 |
| 040 ## - CATALOGING SOURCE | |
| Original cataloging agency | CO-JMCR |
| Transcribing agency | CO-JMCR |
| 041 0# - LANGUAGE CODE | |
| Language code of text/sound track or separate title | spa |
| 082 04 - DEWEY DECIMAL CLASSIFICATION NUMBER | |
| Classification number | 658.408 / |
| Item number | T631l |
| Edition number | 23 |
| 100 1# - MAIN ENTRY--PERSONAL NAME | |
| Personal name | Toca, Claudia Eugenio, |
| Relator term | autor |
| 9 (RLIN) | 36119 |
| 245 10 - TITLE STATEMENT | |
| Title | Léxico para la responsabilidad social empresarial / |
| Statement of responsibility, etc. | Claudia Eugenia Toca, Jesús Carrillo ; ilustrador, Miguel Yein |
| 250 ## - EDITION STATEMENT | |
| Edition statement | Primera edición |
| 260 ## - PUBLICATION, DISTRIBUTION, ETC. | |
| Place of publication, distribution, etc. | [Bogotá], (Colombia) : |
| Name of publisher, distributor, etc. | El Globo, |
| Date of publication, distribution, etc. | 2014 |
| 300 ## - PHYSICAL DESCRIPTION | |
| Extent | 341 páginas : |
| Other physical details | ilustraciones a color ; |
| Dimensions | 28 cm. |
| 505 0# - FORMATTED CONTENTS NOTE | |
| Formatted contents note | Acción publica -- Agencia -- Balance social -- Bienes públicos -- Bienestar social -- Biodiversidad -- Calidad social -- Capacidad de respuesta -- Capital natural -- Capital social -- Causa social -- Ciudadanía -- Cohesión social -- Compromiso cívico -- Comunicación -- Comunidad -- Conservación ambiental -- Consumo sostenible -- Corporativismo -- Corrupción -- deber moral -- Declaración sobre medio ambiente -- Democracia -- Derechos humanos -- Desarrollo sostenible -- Doble efecto -- Donación -- Ecocentrismo-biocentrismo -- Ecología profunda -- Economía verde -- Ecosistemas -- Egoísmo -- Empoderamiento social -- Emprendimiento social Empresa industria y comercial del estado -- Esferas - Estado -- Ética -- Externalidades -- Fallos del mercado -- Finalidad no lucrativa -- Focalización -- Gobernanza -- Gobierno -- Hombre económico -- Igualdad social -- Impacto social -- Inclusión social -- Indicadores de desarrollo sostenible -- Indiferencia social -- Institución -- Investigación social -- Justicia social -- Legislación ambiental -- Legitimidad -- Mercadeo -- Mercadeo sostenible -- Mercado -- Minorías -- Mitigación -- Modelo de desarrollo sostenible -- Movimiento social -- Objetivos de desarrollo del medio -- Organización del tercer sector -- Pobreza -- Política pública -- Política social -- Portadores de interés -- Problema social -- Producción limpia -- Programa social -- Protección ambiental -- Protesta social -- Público-privado -- Realidad social -- Receptividad social -- Rendición de cuentas -- Responsabilidad -- Sanción social -- Sellos verdes -- Sociedad civil -- Sociedad civil organizada -- Societal -- Solidaridad -- Tercer sector -- Virtudes -- Vulnerabilidad |
| 650 14 - SUBJECT ADDED ENTRY--TOPICAL TERM | |
| Topical term or geographic name entry element | Responsabilidad social de los negocios |
| 9 (RLIN) | 12766 |
| 650 24 - SUBJECT ADDED ENTRY--TOPICAL TERM | |
| Topical term or geographic name entry element | Terminología |
| Form subdivision | Ética de los negocios |
| General subdivision | Terminología |
| 9 (RLIN) | 36120 |
| 700 1# - ADDED ENTRY--PERSONAL NAME | |
| Personal name | Carrillo, Jesús, |
| Relator term | autor |
| 9 (RLIN) | 36121 |
| 700 1# - ADDED ENTRY--PERSONAL NAME | |
| Personal name | Yein, Miguel, |
| Relator term | ilustrador |
| 9 (RLIN) | 36122 |
| 942 ## - ADDED ENTRY ELEMENTS (KOHA) | |
| Source of classification or shelving scheme | Dewey Decimal Classification |
| Koha item type | Books |
| Withdrawn status | Lost status | Source of classification or shelving scheme | Damaged status | Not for loan | Home library | Current library | Shelving location | Date acquired | Source of acquisition | Total Checkouts | Full call number | Barcode | Date last seen | Copy number | Price effective from | Koha item type |
|---|---|---|---|---|---|---|---|---|---|---|---|---|---|---|---|---|
| Dewey Decimal Classification | Biblioteca Pública José María del Castillo y Rada | Biblioteca Pública José María del Castillo y Rada | General Stacks | Donación | 658.408 / T631l | 201810868 | 05/16/2024 | Ej.1 | Books |